000
00273nam a22001217a 4500
008
181121b xxu||||| |||| 00| 0 eng d
041
_a
eng
080
_a
610.073
100
_a
2
101
_a
INF
245
_a
Maternal Child Nursing Care
_c
Hisley.SH
942
_2
udc
_c
BK
999
_c
52261
_d
52261